| 000 | 01007nas a2200301 4500 | ||
|---|---|---|---|
| 001 | BR2013008952 | ||
| 003 | BR-BrBNA | ||
| 005 | 20231205123215.0 | ||
| 007 | ta | ||
| 008 | 230509b bl.|||p| |||| 00| 00por d | ||
| 040 |
_aBR-BrBNA _bpor _cBiblioteca Nacional de Agricultura |
||
| 041 | _a(Pt) | ||
| 072 | _aP33 | ||
| 100 | 1 | _aFarias, S.G.G. de | |
| 100 | 1 | _aSantos, D.R. dos | |
| 100 | 1 | _aFreire, A.L. de O. | |
| 100 | 1 | _aSilva, R.B. e | |
| 245 | 1 | _aEstresse salino no crescimento inicial e nutrição mineral de gliricídia (Gliricidia sepium (Jacq.)Kunth ex Steud)em solução nutritiva | |
| 650 | _aANÁLISE DO SOLO | ||
| 650 | _aSALINIDADE | ||
| 650 | _aNUTRIENTE | ||
| 650 | _aGLIRICÍDIA | ||
| 650 | _aSEMIÁRIDO | ||
| 773 | 0 |
_tRevista Brasileira de Ciência do Solo (Brazil) _xISSN 0100-0683 _g(Sep-Oct 2009), v. 33(5) p. 1499-1505 _wBR2013008952 |
|
| 856 | 4 | 0 | _uhttp://www.scielo.br/pdf/rbcs/v33n5/v33n5a40.pdf |
| 909 |
_a202311 _bLúcia _c55 _dLúcia Elande |
||
| 942 |
_2AGRIS _n0 _cANA |
||
| 999 |
_c232693 _d232693 |
||